| 000 | 00780nam a2200241Ia 4500 | ||
|---|---|---|---|
| 003 | OSt | ||
| 005 | 20220923211059.0 | ||
| 006 | a|||||r|||| 00| 0 | ||
| 007 | ta | ||
| 008 | 220922b |||||||| |||| 00| 0 pan d | ||
| 020 |
_a817856145X (hbk) _c150 |
||
| 024 | _a241,298 | ||
| 037 |
_b171, 24/10/2009, H.K. Prakashan _cTextual |
||
| 040 |
_aARTS _cARTS _bpan |
||
| 041 |
_2pan _apan |
||
| 082 | _aO153,1L53,12:g, P9 | ||
| 100 |
_aਭਾਗਇੰਦਰ ਕੌਰ _9157973 |
||
| 245 | 0 | _aਸੰਸੀ ਹਾFਿਮ | |
| 260 |
_aਅੰਮ੍ਰਿਤਸਰ _b ਵਾਰਿਸ Fਾਹ _c2009 |
||
| 300 |
_a144ਪੰ _ccm. |
||
| 942 |
_hO153,1L53,12:g, P9 _cTEXL _2CC |
||
| 999 |
_c294945 _d294945 |
||